LEADER 01131nam a2200265 a 4500 001 000000105609 003 CaOOAMICUS 005 20081219133346.0 008 070612s2005 it 001 u ita d 020 $a88-343-1134-5 040 $aPUL$bita$dLDB 100 1 $aBoltanski, Luc.$0(OLS)http://pul/name/36218 245 10$aStati di pace :$buna sociologia dell'amore /$cLuc Boltanski ; introduzione di Mauro Magatti. 260 $aMilano :$bVita e pensiero,$cc2005. 300 $a167 p. ;$c21 cm 490 1 $aTransizioni ;$v16 504 $aBibliografia in nota. 650 4$aAmore (sociologia).$0(OLS)http://pul/subject/33343 830 0$aTransizioni (Vita e Pensiero) ;$v16.$0(OLS)http://pul/title/132932 850 $aPUL 852 $aPUL$W1$xSL Diritto e Scienze Sociali 3$y79$m303. 372 BOLLU 1$j118352$qDDC 21$B118253$CPULBib$Z2$F118253 $H103374 $82 941 1 $a9 996 $6020$a88-343-1134-5$9(OLS)http://pul/number/134799 996 $6245$aStati di pace :$buna sociologia dell'amore$9(OLS)http://pul/title/132931 996 $6260$aMilano :$bVita e pensiero$9(OLS)http://pul/publisher/48016 LEADER 00960nam a2200265 a 4500 001 000000141701 003 CaOOAMICUS 005 20150210103540.0 008 150210s2006 it u000 u ita r 020 $z88-389-2131-X* 040 $aPUL$bita 100 1 $aCamilleri, Andrea,$d1925-$0(OLS)http://pul/name/62356 245 13$aLe ali della sfinge /$cAndrea Camilleri. 250 $a11. ed. 260 $aPalermo :$bSellerio,$cİ2006. 300 $a265 p. ;$c18 cm 490 1 $aLa memoria ;$v694 830 3$aLa Memoria (Sellerio) ;$v694.$0(OLS)http://pul/title/76373 850 $aPUL 852 $aPUL$W1$xDP1 Fondo Capitani$y116$m9 A 52$j44578$qFondi$B163526$CPULBib$Z2$F163526 $HCap968 $82 941 1 $a1 996 $6020$z88-389-2131-X*$9(OLS)http://pul/number/156915 996 $6245$aLe ali della sfinge$9(OLS)http://pul/title/179345 996 $6260$aPalermo :$bSellerio$9(OLS)http://pul/publisher/66919